000 00430nam a2200181Ia 4500
001 1344
005 20260306143721.0
008 260306t2008||||xx |||||||||||||| ||spa||
041 _aESP
082 _a195.92
_bS724
100 _aSchoepflin, Maurizio
_eAUT
245 0 _aFabro nei suoi scritti spirituali
260 _c2008
300 _a151 páginas :
_c19 cm.
650 _aGEN
654 _aCHU
942 _cLIB
_dJUS
_fJUS
_2ddc
_n
999 _c1344
_d1344